000 00548 a2200181 4500
020 _a063205459X
_c540.00
035 _aB-210788
037 _bRP-L-241 / PANSY-07-08:3 / RP-07-08:ENG
082 1 4 _a546
090 _c2051
_d2051
100 1 _aLee, J.D.
245 1 _aConcise inorganic chemistry
_cby J.C. Lee
250 _a5th ed
260 _aOxford
_bBlackwell Science
_c2006r
300 _axxxv, 1032 p
_c24 cm (pbk)
942 _adpl
_cEN
_k546 / LEE
999 _c2017
_d2017